书目信息 |
| 题名: |
全球顶级神秘之地
|
|
| 作者: | 贾科布 , 马蒂诺 著 ;吴非 译 | |
| 分册: | ||
| 出版信息: | 北京 中国旅游出版社 2014.01 |
|
| 页数: | 271页 | |
| 开本: | 30cm | |
| 丛书名: | 梦想旅行家 | |
| 单 册: | ||
| 中图分类: | K919.1 | |
| 科图分类: | ||
| 主题词: | 旅游指南--世界 , 旅游指南 | |
| 电子资源: | ||
| ISBN: | 978-7-5032-4845-0 | |
| 000 | 01242oam2 2200313 450 | |
| 001 | 0120141216225 | |
| 005 | 20140609153846.43 | |
| 010 | @a978-7-5032-4845-0@dCNY158.00 | |
| 010 | @a978-7-5032-4903-7@dCNY800.00(全4册) | |
| 100 | @a20140126d2014 em y0chiy0110 ea | |
| 101 | 1 | @achi@cita |
| 102 | @aCN@b110000 | |
| 105 | @aab z 001yy | |
| 106 | @ar | |
| 200 | 1 | @a全球顶级神秘之地@9quan qiu ding ji shen mi zhi di@f罗伯托·贾科布(Roberto Giacobbo),朱利奥·迪·马蒂诺(Giulio Di Martino)著@g吴非译 |
| 210 | @a北京@c中国旅游出版社@d2014.01 | |
| 215 | @a271页@c图,地图,照片@d30cm | |
| 225 | 2 | @a梦想旅行家 |
| 330 | @a本书将带领我们走近神奇,走近神秘,尝试解答一直以来困扰人类的问题:谁曾经在我们之前生活在这里?我们不了解的历史事实是什么?这是一次走进令人窒息的偏远之地的旅程,这是一次通过文字和图片描述我们充满未揭秘故事的星球的探险。 | |
| 333 | @a地理学爱好者及旅游爱好者 | |
| 461 | 0 | @12001 @a梦想旅行家 |
| 606 | 0 | @a旅游指南@y世界 |
| 606 | 0 | @a旅游指南 |
| 690 | @aK919.1@v5 | |
| 701 | 0 | @c(意)@a贾科布@9jia ke bu@c(Giacobbo, Roberto@f1961-)@4著 |
| 701 | 0 | @c(意)@a马蒂诺@9ma di nuo@c(Martino, Giulio Di)@4著 |
| 702 | 0 | @a吴非@9wu fei@4译 |
| 801 | 0 | @aCN@b人天书店@c20140126 |
| 905 | @b549903-05@dK919.1@e216@f3 | |
| 全球顶级神秘之地/罗伯托·贾科布(Roberto Giacobbo),朱利奥·迪·马蒂诺(Giulio Di Martino)著/吴非译.-北京:中国旅游出版社,2014.01 |
| 271页:图,地图,照片;30cm.-(梦想旅行家) |
| 使用对象:地理学爱好者及旅游爱好者 |
| ISBN 978-7-5032-4845-0:CNY158.00 |
| 本书将带领我们走近神奇,走近神秘,尝试解答一直以来困扰人类的问题:谁曾经在我们之前生活在这里?我们不了解的历史事实是什么?这是一次走进令人窒息的偏远之地的旅程,这是一次通过文字和图片描述我们充满未揭秘故事的星球的探险。 |
| ● |
| 相关链接 |
|
|
|
|
正题名:全球顶级神秘之地
索取号:K919.1/216
 
预约/预借
| 序号 | 登录号 | 条形码 | 馆藏地/架位号 | 状态 | 备注 |
| 1 | 549903 | 205499030 | 第二样本阅览室/ [索取号:K919.1/216] | 在馆 | |
| 2 | 549904 | 205499049 | 第二借阅区/ [索取号:K919.1/216] | 在馆 | |
| 3 | 549905 | 205499058 | 密集书库-资源管理系/ [索取号:K919.1/216] | 在馆 |